| 000 | 00726cam a2200205 a 4500 | ||
|---|---|---|---|
| 001 | 672088 | ||
| 005 | 20170116115837.0 | ||
| 008 | 950711s1996 mnua 001 0 eng | ||
| 020 | _a0314067442 (pbk. : alk. paper) | ||
| 050 | 0 | 0 |
_aQA76.73.C153 _bS46 1996 |
| 100 | 1 | _aShiflet, Angela B. | |
| 245 | 1 | 0 |
_aData structures in C++ including breadth and laboratories / _cAngela B. Shiflet ; with contributions from Robert Martin. |
| 260 |
_aMinneapolis/St. Paul : _bWest Pub. Co., _c1996. |
||
| 300 |
_a1 v. (various pagings) : _bill. ; _c26 cm. |
||
| 500 | _aIncludes index. | ||
| 650 | 0 | _aC++ (Computer program language) | |
| 650 | 0 | _aData structures (Computer science) | |
| 700 | 1 |
_aMartin, Robert, _d1957- |
|
| 942 |
_2lcc _cBK |
||
| 999 |
_c47894 _d47894 |
||